Riadenie zváracej bunky pomocou PLC
Na minha lista:
| Autor principal: | |
|---|---|
| Outros Autores: | |
| Formato: | Manuscrito Livro |
| Idioma: | eslovaco |
| Publicado em: |
2015
|
| Assuntos: | |
| Acesso em linha: | http://is.stuba.sk/zp/portal_zp.pl?podrobnosti=99544 |
| Tags: |
Sem tags, seja o primeiro a adicionar uma tag!
|
MARC
| LEADER | 00000ntm a22000003a 4500 | ||
|---|---|---|---|
| 001 | stuzp52730 | ||
| 003 | SK-STU | ||
| 005 | 20160719154248.6 | ||
| 007 | ta | ||
| 008 | 150427s2015----xo-----f-mn---000-0-slo-d | ||
| 040 | |a STU |b slo | ||
| 041 | 0 | |a slo | |
| 100 | 1 | |a Polák, Andrej |u 020020 |4 aut |U SjF Strojnícka fakulta |T SjF Ústav automatizácie, merania a aplikovanej informatiky |X 55328 |U J0020 |Y 802 |7 55328 | |
| 242 | 0 | 1 | |a Control of a welding cell by PLC |y eng |
| 245 | 1 | 0 | |a Riadenie zváracej bunky pomocou PLC |
| 260 | |c 2015 | ||
| 650 | 4 | |a riadiaci systém |2 slo | |
| 650 | 4 | |a bezpečnostné PLC |2 slo | |
| 650 | 4 | |a zváracia robotická bunka |2 slo | |
| 650 | 4 | |a úroveň integrity bezpečnosti |2 slo | |
| 650 | 4 | |a control system |2 eng | |
| 650 | 4 | |a safety PLC |2 eng | |
| 650 | 4 | |a welding robotic cell |2 eng | |
| 650 | 4 | |a safety integrity level |2 eng | |
| 700 | 1 | |a Juhás, Martin |4 ths |X 2316 |7 A000002316 | |
| 856 | 4 | |u http://is.stuba.sk/zp/portal_zp.pl?podrobnosti=99544 | |
| 996 | |b 284J043759 |c J* 2049/BP |l JJSK |s A |a 24 |w stuzp52730_0001 | ||
| SQL | |a stuzp52730 |b DBP |c SLO |d Riadenie zváracej bunky pomocou PLC |e 55328 |f Polák, Andrej |g 020020 |h 2316 |i Juhás, Martin |j 20150615 |k 646 |l 02 |m http://is.stuba.sk/zp/portal_zp.pl?podrobnosti=99544 |n B-AISP |o 5.2.14. automatizácia | ||